Water recycling in the fruit and vegetable processing industry /
Guardado en:
| Autor Principal: | |
|---|---|
| Formato: | Libro |
| Idioma: | English |
| Publicado: |
[California] :
State Water Resources Control Board,
1981.
|
| Materias: | |
| Etiquetas: |
Agregar Etiqueta
Sin Etiquetas, Sea el primero en etiquetar este registro!
|
| LEADER | 00871nam a22002415a 4500 | ||
|---|---|---|---|
| 001 | EIQ.libpla002392 | ||
| 008 | 070606s1981####caua#####b####000#0#eng#d | ||
| 005 | 20070606115739.0 | ||
| 245 | 1 | 0 | |a Water recycling in the fruit and vegetable processing industry / |c prepared by James M. Montgomery. |
| 260 | |a [California] : |b State Water Resources Control Board, |c 1981. | ||
| 300 | |a 1v. en varias paginaciones : |b diagrs. ; |c 26 cm. | ||
| 504 | |a Incluye referencias bibliográficas. | ||
| 100 | 1 | |a Montgomery, James M. | |
| 650 | 4 | |a Alimento |x Frutas. | |
| 650 | 4 | |a Alimento |x Vegetales. | |
| 650 | 4 | |a Frutas |x Procesamiento. | |
| 650 | 4 | |a Verduras |x Procesamiento. | |
| 650 | 4 | |a Food |x Vegetables. | |
| 650 | 4 | |a Food |x Fruit. | |
| 650 | 4 | |a Fruit |x Processing. | |
| 650 | 4 | |a Vegetables |x Processing. | |
| 040 | |a AR-BbSID |b spa |c AR-BbSID | ||
| 859 | |a AR-BbSID |b BIB. PLAPIQUI |h 664.8 |i M 766 |p 1687 | ||
